000 nam a22 7a 4500
999 _c10557
_d10557
008 180219b ||||| |||| 00| 0 eng d
100 _aChugh,R.K.
_96462
245 _aComputer Activity Book-VIII
260 _aNew Delhi
_bG. Ram Books
_c2011